[Event "It (open)"]
[Site "masterchessopen.com - Police (Poland)"]
[Round "7"]
[White "Radwan Leszek (POL)"]
[Black "Marusenko Petr (UKR)"]
[Result "0-1"]
[WhiteElo "2091"]
[BlackElo "2198"]

1.Nf3 d6 2.d4 f5 3.c4 Nf6 4.Nc3 g6 5.g3 Bg7 6.Bg2 O-O 7.O-O Nc6 8.Bg5 Ne4 9.d5
Nxc3 10.bxc3 Na5 11.Qd3 c5 12.dxc6 Nxc6 13.Nd4 Ne5 14.Qd2 Kh8 15.Bd5 Nf7
16.Be3 e5 17.Nb5 a6 18.Bxf7 axb5 19.Bd5 bxc4 20.Bxc4 f4 21.gxf4 Bh3 22.Bd5 Qh4
23.Rfb1 Ra4 24.Rb4 Rxb4 25.cxb4 exf4 26.Bd4 Qg5+ {#R} 0-1

[Event "Ch Romania (team)"]
[Site "masterchessopen.com - Romania"]
[Round "0"]
[White "Baciu Stefan (ROM)"]
[Black "Grunberg Sergiu Henric (ROM)"]
[Result "0-1"]
[WhiteElo "2217"]
[BlackElo "2377"]

1.Nf3 f5 2.g3 Nf6 3.Bg2 g6 4.O-O Bg7 5.d4 O-O 6.c4 d6 7.Nc3 Nc6 8.d5 Na5 9.Qd3
c5 10.Ng5 Rb8 11.Rb1 a6 12.b4 cxb4 13.Rxb4 Ng4 14.Na4 Ne5 15.Qc2 h6 16.Nf3
Nxf3+ 17.Bxf3 b5 18.cxb5 Rxb5 19.a3 Bd7 20.Be3 Nb7 21.Rc1 g5 22.Nb6 Nc5
23.Rxb5 Bxb5 24.Bxc5 dxc5 25.Qxc5 g4 26.Bg2 Qd6 27.Qe3 Bb2 28.Rc2 Bxa3 29.Nc4
Bxc4 30.Rxc4 Rb8 31.h3 gxh3 32.Bxh3 f4 {#R} 0-1

[Event "Ch Andalucia (team)"]
[Site "masterchessopen.com - Sevilla (Spain)"]
[Round "3"]
[White "Terron Elena Francisco M (ESP)"]
[Black "Palacios De La Prida Ernesto (ESP)"]
[Result "0-1"]
[WhiteElo "2302"]
[BlackElo "2256"]

1.d4 g6 2.g3 Bg7 3.Bg2 f5 4.Nf3 Nf6 5.O-O O-O 6.c4 d6 7.Nc3 Nc6 8.d5 Ne5 9.Nd2
Nh5 10.h3 f4 11.g4 Nf6 12.Nce4 h6 13.Qc2 c5 14.Nxf6+ exf6 15.Nf3 f5 16.Nxe5
Bxe5 17.Bf3 Qg5 18.Kh1 fxg4 19.Rg1 Bf5 {#R} 0-1

[Event "Ch Slovenia (juniors)"]
[Site "masterchessopen.com - Slovenia"]
[Round "0"]
[White "Hrelja Branko (SLO)"]
[Black "Markun Bostjan (SLO)"]
[Result "0-1"]
[WhiteElo "2065"]
[BlackElo "2328"]

1.d4 f5 2.c4 Nf6 3.g3 g6 4.Bg2 Bg7 5.Nf3 O-O 6.O-O d6 7.Nc3 Nc6 8.Re1 e5
9.dxe5 dxe5 10.Qxd8 Rxd8 11.Bg5 e4 12.Nh4 Be6 13.b3 h6 14.Bxf6 Bxf6 15.Rac1
Bxc3 16.Rxc3 g5 {#R} 0-1

[Event "It (open)"]
[Site "masterchessopen.com - St. Petersburg (Russia)"]
[Round "0"]
[White "Ionov Sergey (RUS)"]
[Black "Popov Alexander (RUS)"]
[Result "1-0"]
[WhiteElo "2500"]
[BlackElo "2181"]

1.d4 f5 2.g3 Nf6 3.Bg2 g6 4.Nf3 Bg7 5.O-O O-O 6.c4 d6 7.Nc3 Nc6 8.d5 Ne5
9.Nxe5 dxe5 10.Qb3 h6 11.Rd1 g5 12.Bd2 a6 13.Be1 Kh8 14.c5 e4 15.Qb4 Rb8 16.f3
exf3 17.exf3 e6 18.d6 e5 19.Bf2 Be6 20.Re1 c6 21.Rxe5 Nd5 22.Nxd5 Bxe5 23.Ne7
Bf7 24.Bd4 Bxd4+ 25.Qxd4+ Kh7 26.Nxf5 Rg8 27.Re1 Rg6 28.Re7 Kg8 29.Bf1 b5
30.Bd3 Qa5 {#r} 1-0

[Event "Ch City"]
[Site "masterchessopen.com - Aarhus (Denmark)"]
[Round "3"]
[White "Abildlund Jens (DEN)"]
[Black "Rewitz Poul (DEN)"]
[Result "0-1"]
[WhiteElo "2185"]
[BlackElo "2298"]

1.Nf3 g6 2.d4 Bg7 3.c4 f5 4.Nc3 Nf6 5.g3 O-O 6.Bg2 d6 7.O-O Nc6 8.d5 Ne5
9.Nxe5 dxe5 10.e4 f4 11.Qb3 g5 12.c5 Bh8 13.Re1 a6 14.f3 Qe8 15.g4 Nxg4
16.fxg4 f3 17.Nd1 fxg2 18.Qg3 Rf1+ 19.Kxg2 Rxe1 20.Qxe1 Bxg4 21.Nc3 Qh5 22.Qg3
Rf8 23.h3 Bxh3+ 24.Qxh3 Rf2+ 25.Kxf2 Qxh3 26.Bd2 g4 27.Rg1 Bf6 28.Ne2 Qf3+
{#R} 0-1

[Event "It (open)"]
[Site "masterchessopen.com - Berga (Spain)"]
[Round "6"]
[White "Spassov Liuben (BUL)"]
[Black "Marin Mihail (ROM)"]
[Result "0-1"]
[WhiteElo "2367"]
[BlackElo "2515"]

1.Nf3 f5 2.g3 Nf6 3.Bg2 g6 4.O-O Bg7 5.d4 O-O 6.c4 d6 7.Nc3 Nc6 8.d5 Na5 9.Qa4
c5 10.dxc6 bxc6 11.Nd4 Bd7 12.Rd1 c5 13.Nc6 Nxc6 14.Bxc6 Rb8 15.Bxd7 Qxd7
16.Qc2 Qe6 17.b3 Ne4 18.Bb2 Bxc3 19.Bxc3 f4 20.Be1 f3 21.exf3 Rxf3 22.Rd3 Ng5
23.h4 Nh3+ 24.Kf1 Qe4 25.Rad1 Rxg3 26.fxg3 Qh1+ 27.Ke2 Qg2+ {#R} 0-1

[Event "Ch Berlin (juniors) (under 15)"]
[Site "masterchessopen.com - Berlin (Germany)"]
[Round "0"]
[White "Keller Thomas (GER)"]
[Black "Pflug Matthias (GER)"]
[Result "0-1"]
[WhiteElo "2312"]
[BlackElo "2288"]

1.d4 f5 2.c4 Nf6 3.g3 g6 4.Bg2 Bg7 5.Nc3 O-O 6.Nf3 d6 7.O-O Nc6 8.d5 Ne5 9.Nd2
a6 10.h3 g5 11.e3 Qe8 12.f4 Nf7 13.Nf3 g4 14.hxg4 Nxg4 15.Nd4 Nd8 16.e4 Qh5
17.Nf3 c5 18.Re1 Bd4+ 19.Nxd4 Qh2+ 20.Kf1 Qxg3 21.Qe2 cxd4 22.Na4 fxe4 23.Bxe4
Nh2+ {#R} 0-1

[Event "It (open) \"]
[Site "masterchessopen.com - Bratislava (Slovakia)"]
[Round "6"]
[White "Obodchuk Andrei (RUS)"]
[Black "Kolcak Marek (SVK)"]
[Result "1-0"]
[WhiteElo "2365"]
[BlackElo "2145"]

1.d4 f5 2.g3 Nf6 3.Bg2 g6 4.Nf3 Bg7 5.O-O O-O 6.c4 d6 7.Nc3 Nc6 8.d5 Na5 9.Qd3
e5 10.dxe6 Bxe6 11.b3 Nc6 12.Bb2 Qe7 13.e3 Rad8 14.Ng5 Bc8 15.Rfe1 h6 16.Nf3
Qf7 17.Rad1 Ne4 18.a3 Nc5 19.Qc2 f4 20.b4 Bf5 21.e4 Bg4 22.bxc5 Bxf3 23.Bxf3
fxg3 24.hxg3 Nd4 25.Rxd4 Bxd4 26.e5 Qxf3 27.Qxg6+ Kh8 28.Qxh6+ Kg8 29.Qg5+ Kh7
30.Qh4+ Kg7 31.Qxd4 Rh8 32.exd6+ {#r} 1-0

[Event "It (cat.2) (a)"]
[Site "masterchessopen.com - Budapest (Hungary)"]
[Round "9"]
[White "Kahn Evarth Dr (HUN)"]
[Black "Dengel Joerg (GER)"]
[Result "1-0"]
[WhiteElo "2252"]
[BlackElo "2034"]

1.d4 f5 2.Nf3 Nf6 3.g3 g6 4.Bg2 Bg7 5.O-O O-O 6.c4 d6 7.Nc3 Nc6 8.d5 Ne5
9.Nxe5 dxe5 10.Qb3 e6 11.Be3 Qe7 12.Rfd1 Kh8 13.Nb5 Ng4 14.Bd2 a5 15.Be1 Ra6
16.Rac1 g5 17.dxe6 Bxe6 18.Bxb7 Rb6 19.Bd5 Bxd5 20.cxd5 Qf7 21.h3 Rh6 22.hxg4
fxg4 23.Rc6 Rh3 24.e4 Qh5 25.Kf1 Rf3 26.Rc3 Rhxg3 27.Ke2 Rxc3 28.Nxc3 Rf3
29.Kd2 g3 30.fxg3 {#r} 1-0

[Event "It (cat.3)"]
[Site "masterchessopen.com - Budapest (Hungary)"]
[Round "1"]
[White "Kahn Evarth Dr (HUN)"]
[Black "Stoll Ferdinand (GER)"]
[Result "1-0"]
[WhiteElo "2252"]
[BlackElo "2257"]

1.d4 f5 2.Nf3 Nf6 3.g3 g6 4.Bg2 Bg7 5.O-O O-O 6.c4 d6 7.Nc3 Nc6 8.d5 Ne5
9.Nxe5 dxe5 10.Qb3 h6 11.Rd1 g5 12.c5 Kh8 13.Nb5 a6 14.Na3 Qe8 15.Bd2 Rb8
16.Nc4 e4 17.Ba5 b6 18.cxb6 cxb6 19.Nxb6 Qh5 20.Qa3 f4 21.Nxc8 Rbxc8 22.f3
fxg3 23.hxg3 exf3 24.exf3 Rc2 25.Rd2 {#r} 1-0

[Event "Tournament (team) (final)"]
[Site "masterchessopen.com - Buenos Aires (Argentina)"]
[Round "4"]
[White "Filgueira Hernan (ARG)"]
[Black "Perez Pietronave Carlos (ARG)"]
[Result "1-0"]
[WhiteElo "2310"]
[BlackElo "2196"]

1.d4 f5 2.g3 Nf6 3.Bg2 g6 4.Nf3 Bg7 5.O-O O-O 6.c4 d6 7.Nc3 Nc6 8.d5 Ne5 9.Nd2
Kh8 10.Qc2 c6 11.b3 Bd7 12.Bb2 Rc8 13.dxc6 Bxc6 14.Rad1 Bxg2 15.Kxg2 Qe8 16.e4
Qc6 17.f4 Neg4 18.Rde1 fxe4 19.Ndxe4 {#r} 1-0

[Event "It (open)"]
[Site "masterchessopen.com - Cappelle la Grande (France)"]
[Round "3"]
[White "Birnbaum Detlev (FRA)"]
[Black "Luce Sebastien (FRA)"]
[Result "0-1"]
[WhiteElo "2148"]
[BlackElo "2315"]

1.d4 d6 2.Nf3 f5 3.c4 Nf6 4.Nc3 g6 5.g3 Bg7 6.Bg2 O-O 7.O-O Nc6 8.d5 Ne5
9.Nxe5 dxe5 10.e4 f4 11.b3 g5 12.Ba3 a6 13.c5 Qe8 14.d6 exd6 15.cxd6 cxd6
16.Bxd6 Rf7 17.Na4 Bg4 18.f3 Rd8 19.Rf2 fxg3 20.Rd2 Nxe4 21.fxg4 Nxd2 22.Qxd2
Rfd7 23.Bd5+ Kh8 24.Qxg5 Rxd6 25.Be4 gxh2+ 26.Kh1 Bh6 27.Qf5 Qe7 28.Nc5 Rd1+
29.Rxd1 Rxd1+ 30.Kxh2 Qh4+ {#R} 0-1

[Event "It (open) (b)"]
[Site "masterchessopen.com - Dortmund (Germany)"]
[Round "11"]
[White "Scherber Peter (GER)"]
[Black "Linde Wolfgang (GER)"]
[Result "0-1"]
[WhiteElo "2105"]
[BlackElo "2150"]

1.Nf3 f5 2.d4 Nf6 3.c4 d6 4.Nc3 Nc6 5.g3 g6 6.Bg2 Bg7 7.O-O O-O 8.d5 Ne5
9.Nxe5 dxe5 10.e4 f4 11.gxf4 Nh5 12.f5 Nf4 13.Bxf4 exf4 14.fxg6 hxg6 15.Qd3 g5
16.e5 g4 17.Be4 f3 18.Bh7+ Kh8 19.Qg6 Bf5 20.Qxf5 Rxf5 21.Bxf5 Qf8 22.Bc2 Bxe5
23.Rae1 Qf4 24.Rxe5 Qxe5 25.Nd1 {#R} 0-1

[Event "Ch Netherlands (qual)"]
[Site "masterchessopen.com - Enschede (Netherlands)"]
[Round "0"]
[White "Van De Griendt Jan Willem (NED)"]
[Black "Bezemer Arno (NED)"]
[Result "1-0"]
[WhiteElo "2400"]
[BlackElo "2235"]

1.d4 f5 2.c4 Nf6 3.Nc3 g6 4.g3 Bg7 5.Bg2 O-O 6.Nf3 d6 7.O-O Nc6 8.d5 Ne5
9.Nxe5 dxe5 10.e4 f4 11.b4 g5 12.Re1 a6 13.Bb2 Qe8 14.c5 Ng4 15.f3 Qh5 16.h3
Nf2 17.Kxf2 fxg3+ 18.Ke3 Bxh3 19.Bxh3 Qxh3 20.Rh1 Qg2 21.Qe2 Rxf3+ 22.Qxf3
Qxb2 23.Kd3 Rf8 24.Qxg3 Rf2 25.Qe3 b5 26.cxb6 cxb6 27.Rhc1 Rh2 28.Rab1 Qg2
29.Qxb6 Bf6 30.Kc4 g4 31.Rg1 {#r} 1-0

[Event "It (open)"]
[Site "masterchessopen.com - Eupen (Belgium)"]
[Round "0"]
[White "Chuchelov Vladimir (BEL)"]
[Black "Boehmer Christian (GER)"]
[Result "1-0"]
[WhiteElo "2500"]
[BlackElo "2233"]

1.d4 g6 2.Nf3 f5 3.g3 Nf6 4.Bg2 Bg7 5.O-O O-O 6.c4 d6 7.Nc3 Nc6 8.d5 Ne5
9.Nxe5 dxe5 10.c5 h6 11.Qb3 Kh8 12.Rd1 g5 13.Bd2 f4 14.Be1 Rb8 15.Ne4 Bg4
16.Qc4 Qc8 17.Rac1 Bh3 18.Nxf6 Bxg2 19.Kxg2 Rxf6 20.Qe4 Qd7 21.Bc3 Rf5 22.c6
bxc6 23.dxc6 Qe6 24.f3 h5 25.Rd7 Rbf8 26.Rcd1 g4 27.Rd8 h4 28.fxg4 h3+ 29.Kxh3
Rh5+ 30.Kg2 Qxg4 31.Rxf8+ {#r} 1-0

[Event "Ch Mittelfranken"]
[Site "masterchessopen.com - Forchheim (Germany)"]
[Round "5"]
[White "Herning Jens (GER)"]
[Black "Gietl Thomas (GER)"]
[Result "0-1"]
[WhiteElo "2128"]
[BlackElo "2276"]

1.d4 f5 2.Nf3 g6 3.g3 Bg7 4.Bg2 Nf6 5.O-O O-O 6.c4 d6 7.Nc3 Nc6 8.b3 Bd7 9.Bb2
e5 10.dxe5 dxe5 11.Nd5 Nh5 12.Qd2 e4 13.Ne1 Ne5 14.Rd1 Rf7 15.f3 c6 16.Nc3
Qb6+ 17.Kh1 e3 18.Qc1 Re8 19.Na4 Qc7 20.Bxe5 Qxe5 21.f4 Qc7 22.Rd3 Rfe7 23.Rf3
g5 24.fxg5 f4 25.gxf4 Bg4 26.Rfxe3 Qxf4 27.Nc2 Bxe2 28.Rd7 Rxe3 29.Nxe3 Qxe3
30.Qxe3 Rxe3 31.Rxb7 Nf4 32.Bxc6 Bf3+ {#R} 0-1

[Event "Hessenliga 1992/93"]
[Site "masterchessopen.com - Germany"]
[Round "0"]
[White "Bouaraba Max (GER)"]
[Black "Hofman Ron (NED)"]
[Result "0-1"]
[WhiteElo "2195"]
[BlackElo "2195"]

1.Nf3 f5 2.g3 Nf6 3.Bg2 g6 4.O-O Bg7 5.d4 O-O 6.c4 d6 7.Nc3 Nc6 8.d5 Ne5
9.Nxe5 dxe5 10.c5 e4 11.Qb3 Kh8 12.Rd1 h6 13.f3 g5 14.fxe4 Ng4 15.h3 Ne5
16.exf5 Bxf5 17.e4 Bd7 18.Ne2 Qe8 19.Rf1 Rxf1+ 20.Bxf1 Qg6 21.Bg2 Rf8 22.Bd2
Bxh3 23.Qc2 Qh5 24.Bc3 Bxg2 25.Kxg2 Qf3+ 26.Kh3 g4+ 27.Kh4 {#R} 0-1

[Event "Oberliga Baden 1992/93"]
[Site "masterchessopen.com - Germany"]
[Round "0"]
[White "Fochtler Ekkehard (GER)"]
[Black "Holler Martin (GER)"]
[Result "0-1"]
[WhiteElo "2203"]
[BlackElo "2129"]

1.d4 f5 2.g3 Nf6 3.Bg2 g6 4.Nf3 Bg7 5.O-O O-O 6.c4 d6 7.Nc3 Nc6 8.d5 Na5 9.Nd2
c5 10.Qc2 e5 11.dxe6 Bxe6 12.Nd5 Bxd5 13.cxd5 b5 14.Nf3 Ne4 15.Ne1 c4 16.Bxe4
fxe4 17.Qxe4 Re8 18.Qf3 Qe7 19.e3 Nb7 20.Nc2 Nc5 21.Nb4 Rf8 22.Qe2 Rae8 23.f3
Qf7 24.Qd2 a5 25.Nc6 Nd3 26.e4 Rxe4 27.Qxa5 Qxd5 28.fxe4 Qc5+ 29.Kg2 Rf2+
30.Kg1 Rxf1+ {#R} 0-1

[Event "Ch Hamburg"]
[Site "masterchessopen.com - Hamburg (Germany)"]
[Round "0"]
[White "Hegeler Frank (GER)"]
[Black "Groeppel Peter (GER)"]
[Result "1-0"]
[WhiteElo "2276"]
[BlackElo "2014"]

1.d4 f5 2.g3 Nf6 3.Bg2 d6 4.Nf3 g6 5.O-O Bg7 6.c4 O-O 7.Nc3 Nc6 8.d5 Ne5
9.Nxe5 dxe5 10.Qb3 Kh8 11.Rd1 Nd7 12.Qa3 a5 13.c5 Ra6 14.c6 Nb6 15.cxb7 Bd7
16.Bg5 Bf6 17.Bxf6+ Rxf6 18.b8=Q Qxb8 19.Qxe7 {#r} 1-0

[Event "It (open)"]
[Site "masterchessopen.com - Hamburg (Germany)"]
[Round "4"]
[White "Posharsky Vikto (RUS)"]
[Black "Schroeder Gerhard (GER)"]
[Result "1-0"]
[WhiteElo "2235"]
[BlackElo "2008"]

1.d4 f5 2.Nf3 Nf6 3.g3 g6 4.Bg2 Bg7 5.O-O O-O 6.c4 d6 7.Nc3 Nc6 8.d5 Ne5
9.Nxe5 dxe5 10.e4 e6 11.Qb3 exd5 12.cxd5 Kh8 13.Be3 Qe7 14.Rac1 f4 15.Bd2 a5
16.Nb5 Ne8 17.Rfe1 fxg3 18.hxg3 Ra6 19.Be3 b6 20.Rc3 c5 21.dxc6 Be6 22.Qc2 Nc7
23.Bf1 {#r} 1-0

[Event "It (open)"]
[Site "masterchessopen.com - New York (USA)"]
[Round "2"]
[White "Vitaljic Nebojsa (CRO)"]
[Black "Vigorito David (USA)"]
[Result "0-1"]
[WhiteElo "2142"]
[BlackElo "2430"]

1.c4 g6 2.Nc3 Bg7 3.g3 d6 4.Bg2 f5 5.d4 Nf6 6.Nf3 O-O 7.O-O Nc6 8.e3 e5 9.d5
Ne7 10.Qc2 Nh5 11.Bd2 f4 12.gxf4 exf4 13.e4 g5 14.h3 Ng6 15.Nh2 f3 16.Nxf3
Nhf4 17.Bxf4 Nxf4 18.Ne2 Nxh3+ 19.Kh2 g4 20.Bxh3 Rxf3 21.Bg2 Qh4+ 22.Kg1 Bd7
23.Rad1 Raf8 24.Ng3 Be5 25.c5 Bb5 26.cxd6 cxd6 27.Qc1 Bxf1 28.Nxf1 Qxf2+
29.Kh1 Qh4+ 30.Kg1 Rxf1+ {#R} 0-1

[Event "Ch Norway (team) West"]
[Site "masterchessopen.com - Norway"]
[Round "5"]
[White "Harestad Hans Krogh (NOR)"]
[Black "Brekke Tore"]
[Result "1-0"]
[WhiteElo "2258"]
[BlackElo "2070"]

1.d4 f5 2.Nf3 Nf6 3.c4 g6 4.Nc3 Bg7 5.g3 d6 6.Bg2 O-O 7.O-O Nc6 8.d5 Na5 9.Qd3
c5 10.Bd2 Bd7 11.Rae1 Rb8 12.b3 a6 13.e4 fxe4 14.Nxe4 b5 15.Neg5 bxc4 16.bxc4
Nb7 17.Ne6 Bxe6 18.Rxe6 Qc7 19.Rfe1 Rfe8 20.Bc3 Nh5 21.Ng5 Nf6 22.h4 Ra8
23.Bh3 a5 24.Kg2 a4 25.h5 Nxh5 26.Rxg6 e5 27.Be6+ Kh8 28.Rh1 Bf6 29.Nf7+ {#r}
1-0

[Event "It (open)"]
[Site "masterchessopen.com - Ostend (Belgium)"]
[Round "0"]
[White "Reschke Stefan (GER)"]
[Black "Reilly Tim (AUS)"]
[Result "0-1"]
[WhiteElo "2361"]
[BlackElo "2315"]

1.c4 f5 2.Nf3 Nf6 3.g3 g6 4.Bg2 Bg7 5.O-O O-O 6.Nc3 d6 7.d4 Nc6 8.d5 Na5 9.Qd3
c5 10.Rb1 a6 11.b4 cxb4 12.Rxb4 Nd7 13.Na4 b5 14.cxb5 axb5 15.Ng5 bxa4 {#R}
0-1

[Event "It (open) \"]
[Site "masterchessopen.com - Pardubice (Czech Republic)"]
[Round "2"]
[White "Vorisek Jaroslav (CZE)"]
[Black "Krouzel Jaroslav (CZE)"]
[Result "1-0"]
[WhiteElo "2238"]
[BlackElo "2133"]

1.d4 f5 2.Nf3 Nf6 3.g3 g6 4.Bg2 Bg7 5.O-O O-O 6.c4 d6 7.Nc3 Nc6 8.d5 Ne5 9.Nd2
g5 10.Nf3 h6 11.Qc2 Qe8 12.Nb5 Qh5 13.Nxc7 Rb8 14.Ne6 Bxe6 15.dxe6 Rbc8
16.Nxe5 dxe5 17.a4 f4 18.Ra3 Rc7 19.Rc3 Kh8 20.b4 Qg4 21.Bb2 Qxe6 22.c5 e4
23.Rc4 e3 24.gxf4 exf2+ 25.Rxf2 Ng4 26.f5 Rxf5 27.Rxf5 Ne3 28.Rf8+ Qg8
29.Bxg7+ Kxg7 30.Rxg8+ Kxg8 31.Qg6+ {#r} 1-0

[Event "It (open)"]
[Site "masterchessopen.com - Seattle (USA)"]
[Round "0"]
[White "Crispin Thomas A (USA)"]
[Black "Pendergast Michael J (USA)"]
[Result "0-1"]
[WhiteElo "2198"]
[BlackElo "2165"]

1.d4 f5 2.g3 Nf6 3.Bg2 g6 4.c4 Bg7 5.Nc3 O-O 6.Nf3 d6 7.O-O Nc6 8.d5 Ne5
9.Nxe5 dxe5 10.Qb3 h6 11.e4 Nd7 12.exf5 gxf5 13.f4 e4 14.Be3 b6 15.Rad1 Nc5
16.Qc2 a5 17.Nb5 Nd3 18.Nd4 Qd6 19.Rxd3 exd3 20.Qxd3 Bd7 21.Rd1 Rad8 22.Qc2
Kh8 23.Nf3 Be8 24.Ne5 c5 25.Bf3 Bxe5 26.fxe5 Qxe5 27.Bxh6 Rg8 28.Bf4 Qxf4 {#R}
0-1

[Event "It"]
[Site "masterchessopen.com - Ufa (Russia)"]
[Round "0"]
[White "Berkovich Dmitry (UKR)"]
[Black "Annakov Babakuli (USA)"]
[Result "0-1"]
[WhiteElo "2465"]
[BlackElo "2429"]

1.d4 d6 2.Nf3 f5 3.g3 Nf6 4.Bg2 g6 5.O-O Bg7 6.c4 O-O 7.Nc3 Nc6 8.d5 Na5 9.Nd2
c5 10.Qc2 e5 11.dxe6 Bxe6 12.Rd1 Qe7 13.b3 Nc6 14.Bb2 Nd4 15.Qd3 f4 16.gxf4
Bf5 17.e4 Be6 18.Bf3 Nd7 19.e5 Rxf4 20.exd6 Qg5+ 21.Bg2 Ne5 22.Qf1 Raf8
23.Nce4 Rxe4 24.Nxe4 Nef3+ 25.Kh1 Qh4 26.h3 Qxe4 {#R} 0-1

[Event "Tournament \"]
[Site "masterchessopen.com - Argentina"]
[Round "11"]
[White "Quiroga Facundo (ARG)"]
[Black "Minzer Claudio Javier (ARG)"]
[Result "1-0"]
[WhiteElo "2315"]
[BlackElo "2350"]

1.d4 f5 2.c4 Nf6 3.g3 g6 4.Bg2 Bg7 5.Nf3 O-O 6.O-O d6 7.Nc3 Nc6 8.d5 Ne5
9.Nxe5 dxe5 10.e4 f4 11.b4 g5 12.Re1 g4 13.Qb3 h5 14.gxf4 exf4 15.e5 Nh7 16.e6
Ng5 17.Bb2 f3 18.Bf1 Rf5 19.Ne4 Qf8 20.Ng3 Bxb2 21.Qxb2 Rf6 22.Re5 Rg6 23.Bd3
Nh3+ 24.Kf1 Rh6 25.Rf5 Qg7 26.Qxg7+ Kxg7 27.Rf7+ Kg8 28.Nf5 {#r} 1-0

[Event "Ch Germany (juniors) (under 20) (team)"]
[Site "masterchessopen.com - Bonn (Germany)"]
[Round "2"]
[White "Klee Mario (GER)"]
[Black "Sturm Bernhard (GER)"]
[Result "1-0"]
[WhiteElo "2173"]
[BlackElo "2110"]

1.d4 f5 2.g3 Nf6 3.Bg2 g6 4.Nf3 Bg7 5.O-O O-O 6.c4 d6 7.Nc3 Nc6 8.d5 Ne5 9.Nd2
g5 10.f4 gxf4 11.gxf4 Neg4 12.Nf3 Ne4 13.Nxe4 fxe4 14.Ng5 e3 15.Qc2 Bf5 16.Be4
Qd7 17.Ne6 Bxe6 18.dxe6 Qc8 19.Bxh7+ Kh8 20.Bf5 Nh6 21.Bh3 Bd4 22.Qe4 c5
23.Bxe3 Rg8+ 24.Kf2 Bf6 25.f5 Kh7 26.Rg1 Qc6 27.Qf4 Bg7 28.Rg6 {#r} 1-0

[Event "It (b)"]
[Site "masterchessopen.com - Budapest (Hungary)"]
[Round "9"]
[White "Bukal Vladimir (CRO)"]
[Black "Mozes Ervin (ROM)"]
[Result "0-1"]
[WhiteElo "2405"]
[BlackElo "2410"]

1.c4 f5 2.Nf3 Nf6 3.g3 d6 4.d4 g6 5.Bg2 Bg7 6.Nc3 O-O 7.O-O Nc6 8.b3 e5 9.dxe5
dxe5 10.Ba3 Re8 11.e4 Nd4 12.Re1 c6 13.exf5 Bxf5 14.Nxd4 exd4 15.Rxe8+ Qxe8
16.Nb1 Ng4 17.Nd2 Nxf2 18.Qf3 d3 19.Rb1 Bd4 20.Qf4 Nh3+ {#R} 0-1

[Event "It (open) \"]
[Site "masterchessopen.com - Buenos Aires (Argentina)"]
[Round "3"]
[White "Casafus Ruben (ARG)"]
[Black "Alonso Rodolfo (ARG)"]
[Result "1-0"]
[WhiteElo "2400"]
[BlackElo "2211"]

1.d4 f5 2.Nf3 g6 3.g3 Bg7 4.Bg2 Nf6 5.O-O d6 6.c4 O-O 7.Nc3 Nc6 8.d5 Na5 9.Nd2
c5 10.Qc2 e5 11.dxe6 Bxe6 12.Rd1 Nc6 13.e3 g5 14.Nf3 h6 15.Qd3 Ne8 16.b3 Qe7
17.Bb2 Qf7 18.Qe2 f4 19.exf4 gxf4 20.Nd5 fxg3 21.fxg3 Bg4 22.Rf1 Nc7 23.Bxg7
Qxg7 24.Nxc7 Nd4 25.Qd3 Bxf3 26.Nxa8 Be2 27.Bd5+ Kh8 28.Rxf8+ Qxf8 29.Qe3 {#r}
1-0

[Event "Ch Spain"]
[Site "masterchessopen.com - Canete (Spain)"]
[Round "1"]
[White "Merino Garcia Rafael (ESP)"]
[Black "Cruz-Lopez Claret Carlos (ESP)"]
[Result "0-1"]
[WhiteElo "2407"]
[BlackElo "2305"]

1.d4 f5 2.g3 Nf6 3.Bg2 g6 4.Nf3 Bg7 5.O-O O-O 6.c4 d6 7.Nc3 Nc6 8.Nd5 Ne4
9.Be3 e5 10.dxe5 dxe5 11.Qc2 Nd4 12.Bxd4 exd4 13.Rfd1 c6 14.Nc3 dxc3 15.Rxd8
Rxd8 16.bxc3 Nxc3 17.Re1 Be6 18.Nd2 Rd7 19.Nb1 Nxb1 20.Rxb1 Rad8 21.e3 Rd2
22.Qa4 a6 23.Bf1 R8d7 24.Rb6 f4 25.gxf4 Rd1 26.Kg2 Ra1 27.Qb4 Bf8 28.Qb3 Rdd1
29.Bd3 Bg4 30.f3 Rd2+ 31.Kg3 Rg1+ 32.Kh4 Be7# 0-1

[Event "It (open)"]
[Site "masterchessopen.com - Cappelle la Grande (France)"]
[Round "4"]
[White "Arakhamia-Grant Ketevan (SCO)"]
[Black "Depyl Pascal (FRA)"]
[Result "1-0"]
[WhiteElo "2450"]
[BlackElo "2232"]

1.Nf3 d6 2.g3 g6 3.Bg2 Bg7 4.c4 f5 5.d4 Nf6 6.Nc3 O-O 7.O-O Nc6 8.d5 Ne5
9.Nxe5 dxe5 10.e4 f4 11.gxf4 exf4 12.e5 Ng4 13.e6 Ne5 14.Re1 Nxc4 15.Re4 Nd6
16.Rxf4 Rxf4 17.Bxf4 b6 18.Rc1 Bb7 19.b3 Qf8 20.Qd2 Qf5 21.Bh6 Bxh6 22.Qxh6
Rf8 23.Qe3 Qg4 24.Qg3 Qd4 25.Rd1 Qc5 26.Qe3 Qxe3 27.fxe3 Ba6 28.e4 Kg7 29.e5
Nb7 30.b4 Nd8 31.b5 Bc8 32.d6 {#r} 1-0

[Event "It (open)"]
[Site "masterchessopen.com - Cappelle la Grande (France)"]
[Round "9"]
[White "Banikas Hristos (GRE)"]
[Black "Cattoni Manuel (FRA)"]
[Result "1-0"]
[WhiteElo "2300"]
[BlackElo "2052"]

1.c4 f5 2.d4 Nf6 3.g3 g6 4.Nc3 d6 5.Nf3 Bg7 6.Bg2 O-O 7.O-O Nc6 8.d5 Ne5
9.Nxe5 dxe5 10.b3 h6 11.Bb2 a6 12.Nb1 e4 13.f3 Qe8 14.fxe4 fxe4 15.Be5 g5
16.Nc3 Qh5 17.e3 Bg4 18.Qc2 Bf3 19.Nxe4 Ng4 20.Bxf3 Bxe5 21.Bxg4 Qxg4 22.Rae1
Rf3 23.Rxf3 Qxf3 24.Nc5 Rf8 25.Nd7 Bxg3 26.Qg6+ Kh8 27.Qxh6+ Kg8 28.Qxg5+ {#r}
1-0

[Event "It (open)"]
[Site "masterchessopen.com - Cappelle la Grande (France)"]
[Round "2"]
[White "Shipov Sergei (RUS)"]
[Black "Cattoni Manuel (FRA)"]
[Result "1-0"]
[WhiteElo "2525"]
[BlackElo "2052"]

1.d4 d6 2.Nf3 f5 3.g3 Nf6 4.Bg2 g6 5.O-O Bg7 6.c4 O-O 7.Nc3 Nc6 8.d5 Ne5
9.Nxe5 dxe5 10.Qb3 h6 11.c5 Kh8 12.Rd1 a6 13.Bd2 g5 14.Na4 Rb8 15.Ba5 Bd7
16.d6 exd6 17.cxd6 Bxa4 18.Qxa4 b6 19.dxc7 Qxc7 20.Rac1 Qa7 21.Bb4 Rf7 22.Bd6
Rd8 23.Bxe5 Rfd7 24.Rxd7 Rxd7 25.Rc8+ Kh7 26.Ra8 b5 27.Qc2 {#r} 1-0

[Event "Ch Catalunia"]
[Site "masterchessopen.com - Catalunia (Spain)"]
[Round "0"]
[White "Bollero Romero Alfonso"]
[Black "Castelltort Fernandez A (ESP)"]
[Result "0-1"]
[WhiteElo "2160"]
[BlackElo "2276"]

1.d4 f5 2.Nf3 Nf6 3.c4 d6 4.g3 g6 5.Bg2 Bg7 6.Nc3 O-O 7.O-O Nc6 8.Bg5 h6
9.Bxf6 Bxf6 10.e4 e5 11.d5 Ne7 12.Qd2 Bg7 13.Rae1 f4 14.h4 g5 15.hxg5 Ng6
16.gxh6 Bxh6 17.Qd3 Rf7 18.Nh2 Qg5 19.gxf4 Nxf4 20.Qg3 Rg7 21.Re3 Qh5 {#R} 0-1